|
|
|
|
| LEADER |
02528nam a2200589 4500 |
| 001 |
ocn785414378 |
| 003 |
OCoLC |
| 005 |
20180501121957.0 |
| 006 |
m o d |
| 007 |
cr cn||||||||| |
| 008 |
120411s2012 cauaf ob 001 0 eng d |
| 040 |
|
|
|a OPELS
|b eng
|e pn
|c OPELS
|d E7B
|d YDXCP
|d BWX
|d CDX
|d N$T
|d OCLCQ
|d OCLCF
|d VVL
|d OCLCQ
|d UAB
|d MNU
|d OCLCO
|d CUS
|d OCLCO
|d GrThAP
|
| 019 |
|
|
|a 785724087
|a 787852044
|
| 020 |
|
|
|a 9780123877864
|q (electronic bk.)
|
| 020 |
|
|
|a 0123877865
|q (electronic bk.)
|
| 020 |
|
|
|a 9780123877901
|q (electronic bk.)
|
| 020 |
|
|
|a 0123877903
|q (electronic bk.)
|
| 035 |
|
|
|a (OCoLC)785414378
|z (OCoLC)785724087
|z (OCoLC)787852044
|
| 050 |
|
4 |
|a QL951
|b .C8 v. 100
|
| 072 |
|
7 |
|a MED
|x 075000
|2 bisacsh
|
| 072 |
|
7 |
|a SCI
|x 036000
|2 bisacsh
|
| 082 |
0 |
4 |
|a 612.1/7
|2 23
|
| 049 |
|
|
|a TEFA
|
| 245 |
0 |
0 |
|a Heart development /
|c edited by Benoit G. Bruneau.
|
| 250 |
|
|
|a 1st ed.
|
| 260 |
|
|
|a San Diego, Calif. :
|b Academic Press,
|c 2012.
|
| 300 |
|
|
|a 1 online resource (xvi, 391 pages, [16] pages of plates) :
|b illustrations (some color).
|
| 336 |
|
|
|a text
|b txt
|2 rdacontent
|
| 337 |
|
|
|a computer
|b c
|2 rdamedia
|
| 338 |
|
|
|a online resource
|b cr
|2 rdacarrier
|
| 490 |
1 |
|
|a Current topics in developmental biology,
|x 0070-2153 ;
|v v. 100
|
| 504 |
|
|
|a Includes bibliographical references and index.
|
| 588 |
0 |
|
|a Print version record.
|
| 650 |
|
0 |
|a Heart
|x Growth
|x Regulation.
|
| 650 |
|
0 |
|a Heart
|x Abnormalities.
|
| 650 |
|
0 |
|a Heart
|x Diseases
|x Pathogenesis.
|
| 650 |
|
0 |
|a Heart
|x Pathophysiology.
|
| 650 |
|
7 |
|a MEDICAL
|x Physiology.
|2 bisacsh
|
| 650 |
|
7 |
|a SCIENCE
|x Life Sciences
|x Human Anatomy & Physiology.
|2 bisacsh
|
| 650 |
|
7 |
|a Heart
|x Abnormalities.
|2 fast
|0 (OCoLC)fst00953494
|
| 650 |
|
7 |
|a Heart
|x Diseases
|x Pathogenesis.
|2 fast
|0 (OCoLC)fst00953550
|
| 650 |
|
7 |
|a Heart
|x Growth
|x Regulation.
|2 fast
|0 (OCoLC)fst00953593
|
| 650 |
|
7 |
|a Heart
|x Pathophysiology.
|2 fast
|0 (OCoLC)fst00953635
|
| 650 |
|
2 |
|a Heart
|x growth & development.
|0 (DNLM)D006321Q000254
|
| 650 |
|
2 |
|a Heart Defects, Congenital.
|0 (DNLM)D006330
|
| 650 |
|
2 |
|a Heart Diseases
|x pathology.
|0 (DNLM)D006331Q000473
|
| 650 |
|
2 |
|a Heart
|x physiology.
|0 (DNLM)D006321Q000502
|
| 655 |
|
4 |
|a Electronic books.
|
| 700 |
1 |
|
|a Bruneau, Benoit G.,
|e editor.
|
| 776 |
0 |
8 |
|i Print version:
|t Heart development.
|d San Diego, Calif. : Academic Press, 2012
|z 9780123877864
|w (OCoLC)773025078
|
| 830 |
|
0 |
|a Current topics in developmental biology ;
|v v. 100.
|
| 856 |
4 |
0 |
|u https://www.sciencedirect.com/science/bookseries/00702153/100
|z Full Text via HEAL-Link
|